| 000 | 00348 a2200133 4500 | ||
|---|---|---|---|
| 001 | 89083 | ||
| 082 | _aPR 810 | ||
| 090 |
_c42031 _d42031 |
||
| 100 | _aHasib Tahir Baig | ||
| 245 | _aDesign of a main under carriage of ultra light weight aircraft | ||
| 260 |
_aKarachi _bNED _c1982 |
||
| 300 |
_a103p. _eAzhar H Javed |
||
| 500 | _aBE Project Reports | ||
| 942 |
_aCAE NUST _kPR 810 |
||
| 999 |
_c324156 _d324156 |
||